Connaissez-vous la saga Star Wars ? #1 - Statistiques

Statistiques générales
  • Ce quiz a été pris 2 305 fois
  • Le résultat moyen est 19 sur 22
Statistiques - réponses
Question Réponse % Correct
Quel petit droïde bleu et blanc parle en émettant des "bips" ? R2-D2
99%
Quelle est l'arme traditionnelle des Jedi ? Sabre laser
99%
Quelle identité prit Anakin Skywalker en rejoignant le Côté Obscur ? Dark Vador
97%
Quel petit personnage vert est aussi un puissant Maître Jedi ? Yoda
97%
Et qui est son copilote ? Chewbacca
95%
Quel nom donne-t-on à un apprenti Jedi ? Padawan
94%
Quel est le nom de l'Empereur ? Palpatine
94%
Quel est le nom du vaisseau de Han Solo ? Faucon Millenium
93%
Comment s'appelle l'énergie qui émane de tout être et qui les relie ? La Force
93%
Comment s'appelle l'organisation ennemie des Jedi ? Les Sith
91%
Qui est la mère de Luke Skywalker ? Padmé Amidala
88%
Sur quelle planète Luke a-t-il grandi ? Tatooine
88%
Qui est le "fils" de Jango Fett ? Boba Fett
86%
Quel puissant seigneur du crime ressemble à une limace géante ? Jabba le Hutt
86%
Qui est le créateur de Star Wars ? George Lucas
84%
Quel nom portent les soldats blancs de l'Empire ? Stormtroopers
82%
Quel est le titre de l'épisode I ? La Menace fantôme
77%
Quel type de vaisseau Luke Skywalker pilote-t-il ? X-Wing
76%
Quelle est l'autre identité de Ben Solo ? Kylo Ren
75%
Qui interprète Han Solo dans les films de la saga ? Harrison Ford
74%
Quelles créatures à fourrure aident les rebelles dans "Le Retour du Jedi" ? Ewoks
71%
Sur quelle lune forestière vivent-elles ? Endor
59%
Aucun quiz correspondant
Distribution des résultats
% des personnes avec chaque résultat
Percentile par nombre de réponses
Votre historique - résultats
Vous n’avez pas pris ce quiz